Managing visitors attractions / (Record no. 39726)
[ view plain ]
| 000 -LEADER | |
|---|---|
| fixed length control field | 00706nam a2200253 a 4500 |
| 003 - CONTROL NUMBER IDENTIFIER | |
| control field | PILC |
| 005 - DATE AND TIME OF LATEST TRANSACTION | |
| control field | 20160229144436.0 |
| 008 - FIXED-LENGTH DATA ELEMENTS--GENERAL INFORMATION | |
| fixed length control field | 111012s19uu xx 00 eng d |
| 020 ## - INTERNATIONAL STANDARD BOOK NUMBER | |
| International Standard Book Number | 9780750685450 |
| 050 ## - LIBRARY OF CONGRESS CALL NUMBER | |
| Classification number | G 155.A1 |
| Item number | .M311v 2008 |
| 100 ## - MAIN ENTRY--PERSONAL NAME | |
| Personal name | Fyall, Alan. |
| 245 ## - TITLE STATEMENT | |
| Title | Managing visitors attractions / |
| Statement of responsibility, etc | Alan Fyall, Brian Garrod, Anna Leask, Stephen Wanhill. |
| 250 ## - EDITION STATEMENT | |
| Edition statement | 2nd edition. |
| 260 ## - PUBLICATION, DISTRIBUTION, ETC. (IMPRINT) | |
| Place of publication, distribution, etc | Amsterdam : |
| Name of publisher, distributor, etc | Elsevier, |
| Date of publication, distribution, etc | 2008. |
| 300 ## - PHYSICAL DESCRIPTION | |
| Extent | 363 pages ; |
| Dimensions | 24 cm. |
| 500 ## - GENERAL NOTE | |
| General note | Includes index. |
| 650 ## - SUBJECT ADDED ENTRY--TOPICAL TERM | |
| Topical term or geographic name as entry element | Tourism. |
| 650 ## - SUBJECT ADDED ENTRY--TOPICAL TERM | |
| Topical term or geographic name as entry element | Leisure industry. |
| 700 ## - ADDED ENTRY--PERSONAL NAME | |
| Personal name | Garrod, Brian. |
| 700 ## - ADDED ENTRY--PERSONAL NAME | |
| Personal name | Leask, Anna. |
| 700 ## - ADDED ENTRY--PERSONAL NAME | |
| Personal name | Wanhill, Stephen. |
| 942 ## - ADDED ENTRY ELEMENTS (KOHA) | |
| Koha item type | Books |
| Source of classification or shelving scheme | Library of Congress Classification |
| Call number prefix | Foreign |
| Withdrawn status | Lost status | Source of classification or shelving scheme | Damaged status | Home library | Current library | Shelving location | Date acquired | Source of acquisition | Total Checkouts | Full call number | Barcode | Date last seen | Copy number | Price effective from | Koha item type |
|---|---|---|---|---|---|---|---|---|---|---|---|---|---|---|---|
| Library of Congress Classification | College Library | College Library | General Circulation Section | 10/12/2011 | Library Fund | G 155.A1 .M311v 2008 | C13729 | 05/15/2018 | 1 | 02/19/2014 | Books |